Finish The US States Name - Statistics

General Stats
  • This quiz has been taken 45 times
  • The average score is 19 of 20
Answer Stats
Answer % Correct
Al{aba}ma
100%
Alas{ka}
100%
Ark{ansas}
100%
{Calif}ornia
100%
Col{ora}do
100%
{Conn}ecticut
100%
Id{aho}
100%
Illin{ois}
100%
In{dia}na
100%
{Io}wa
100%
Lo{uisi}ana
100%
M{ississi}ppi
100%
Mo{ntan}a
100%
Neb{raska}
100%
{Ne}vada
100%
New H{amps}hire
100%
{New} Jersey
100%
New {Me}xico
100%
New {Yor}k
100%
North Car{olin}a
100%
North {Dak}ota
100%
Okla{hom}a
100%
R{hode} Island
100%
Te{xa}s
100%
Vir{ginia}
100%
Wash{ington}
100%
West {Virginia}
100%
Wis{consin}
100%
Mic{higa}n
95%
Min{neso}ta
95%
S{outh} Carolina
95%
{Hawa}ii
94%
Ka{nsas}
94%
Mar{yland}
94%
{So}uth Dakota
94%
Kent{ucky}
93%
Mis{sou}ri
93%
De{laware}
92%
Ge{orgi}a
92%
{Mai}ne
92%
Tenne{ssee}
92%
W{yom}ing
92%
O{hi}o
91%
Pe{nnsyl}vania
90%
{Flor}ida
89%
{Ut}ah
88%
Ar{izon}a
87%
Ve{rmon}t
85%
Mass{achuse}tts
79%
O}rego}n
32%
No matching quizzes found
Score Distribution
Percent of People with Each Score
Percentile by Number Answered
Your Score History
You have not taken this quiz